The short history of the international economy 1850- 1950 (Record no. 515227)
[ view plain ]
| 000 -LEADER | |
|---|---|
| fixed length control field | 00283nam a22000977a 4500 |
| 082 ## - DEWEY DECIMAL CLASSIFICATION NUMBER | |
| Classification number | TNC T39 As39 |
| 100 ## - MAIN ENTRY--PERSONAL NAME | |
| Personal name | Ashworth, William |
| 9 (RLIN) | 20451 |
| 245 ## - TITLE STATEMENT | |
| Title | The short history of the international economy 1850- 1950 |
| Statement of responsibility, etc | by William Ashworth |
| 260 ## - PUBLICATION, DISTRIBUTION, ETC. (IMPRINT) | |
| Place of publication, distribution, etc | London |
| Name of publisher, distributor, etc | Longmans |
| Date of publication, distribution, etc | 1952 |
| 300 ## - PHYSICAL DESCRIPTION | |
| Extent | 256p. |
| Withdrawn status | Lost status | Source of classification or shelving scheme | Damaged status | Koha normalized classification for sorting | Not for loan | Permanent location | Current location | Date acquired | Full call number | Barcode | Date last seen | Price effective from | Koha item type |
|---|---|---|---|---|---|---|---|---|---|---|---|---|---|
| TNC_T39_AS39 | Indian Institute of Public Administration | Indian Institute of Public Administration | 2021-01-18 | TNC T39 As39 | GR22442 | 2021-01-18 | 2021-01-18 | GR |
